Advanced social work practice : (Record no. 9040)
[ view plain ]
| 000 -LEADER | |
|---|---|
| fixed length control field | 00622cam a2200217 a 4500 |
| 001 - CONTROL NUMBER | |
| control field | 13721679 |
| 005 - DATE AND TIME OF LATEST TRANSACTION | |
| control field | 20260313160733.0 |
| 008 - FIXED-LENGTH DATA ELEMENTS--GENERAL INFORMATION | |
| fixed length control field | 040916s2005 mau b 001 0 eng d |
| 020 ## - INTERNATIONAL STANDARD BOOK NUMBER | |
| International Standard Book Number | 0205378277 |
| 020 ## - INTERNATIONAL STANDARD BOOK NUMBER | |
| International Standard Book Number | 9780205378272 |
| 050 00 - LIBRARY OF CONGRESS CALL NUMBER | |
| Classification number | HV40 |
| Item number | .D96 2005 |
| 082 00 - DEWEY DECIMAL CLASSIFICATION NUMBER | |
| Classification number | 361.3/2 |
| Edition information | 22 |
| 100 1# - MAIN ENTRY--PERSONAL NAME | |
| Personal name | Dworkin, Joan |
| Fuller form of name | (Joan Ellen) |
| 245 10 - TITLE STATEMENT | |
| Title | Advanced social work practice : |
| Remainder of title | an integrative, multilevel approach / |
| Statement of responsibility, etc. | Joan Dworkin. |
| 260 ## - PUBLICATION, DISTRIBUTION, ETC. | |
| Place of publication, distribution, etc. | Boston : |
| Name of publisher, distributor, etc. | Pearson, |
| Date of publication, distribution, etc. | c2005. |
| 300 ## - PHYSICAL DESCRIPTION | |
| Extent | xiii, 108 p. ; |
| Dimensions | 24 cm. |
| 650 #0 - SUBJECT ADDED ENTRY--TOPICAL TERM | |
| Topical term or geographic name entry element | Social service. |
| 650 #0 - SUBJECT ADDED ENTRY--TOPICAL TERM | |
| Topical term or geographic name entry element | Social case work. |
| 650 #0 - SUBJECT ADDED ENTRY--TOPICAL TERM | |
| Topical term or geographic name entry element | Counseling. |
| 942 ## - ADDED ENTRY ELEMENTS (KOHA) | |
| Source of classification or shelving scheme | Library of Congress Classification |
| Koha item type | Books |
| Suppress in OPAC | No |
| 999 ## - | |
| -- | 9040 |
| -- | 9040 |
| Withdrawn status | Lost status | Source of classification or shelving scheme | Damaged status | Not for loan | Collection | Home library | Current library | Shelving location | Date acquired | Total checkouts | Full call number | Barcode | Date last seen | Copy number | Price effective from | Koha item type |
|---|---|---|---|---|---|---|---|---|---|---|---|---|---|---|---|---|
| Library of Congress Classification | Non-fiction | Business Library (Miotso) | Business Library (Miotso) | General stacks | 03/11/2026 | HV40 .D96 2005 | BSSM00002761 | 03/13/2026 | 1 | 03/11/2026 | Books |